Statistics for Countries With No Inland Water

Click here to take the quiz!

General Stats

  • This quiz has been taken 345 times
  • The average score is 24 of 45

Answer Stats

Total Land in km2Answer% Correct
0.44Vatican City
77%
2,149,690Saudi Arabia
75%
309,500Oman
71%
527,968Yemen
71%
61San Marino
69%
765Bahrain
68%
160Liechtenstein
68%
2Monaco
68%
11,586Qatar
68%
26Tuvalu
68%
83,600United Arab Emirates
67%
21Nauru
66%
468Andorra
65%
261Saint Kitts and Nevis
65%
459Palau
63%
17,818Kuwait
62%
811Kiribati
61%
1,759,540Libya
61%
2,381,741Algeria
60%
18,272Fiji
60%
2,586Luxembourg
60%
751Dominica
57%
12,189Vanuatu
57%
300Maldives
56%
452Seychelles
56%
964São Tomé and Príncipe
55%
1,862Comoros
54%
316Malta
54%
442Antigua and Barbuda
53%
430Barbados
53%
4,033Cape Verde
52%
702Federated States of Micronesia
52%
344Grenada
52%
5,130Trinidad and Tobago
52%
38,394Bhutan
47%
30,355Lesotho
46%
14,874East Timor
40%
619,745South Sudan
39%
652,230Afghanistan
37%
622,984Central African Republic
35%
1,246,700Angola
28%
28,051Equatorial Guinea
25%
10,887Kosovo
24%
69,700Georgia
20%
389Saint Vincent and the Grenadies
0%

Score Distribution

Percentile by Number Answered

Percent of People with Each Score

Your Score History

You have not taken this quiz